| 000 | 00593nam a2200193Ia 4500 | ||
|---|---|---|---|
| 003 | IN-BaIIA | ||
| 008 | 211028s9999 xx 000 0 eng d | ||
| 020 | _a0-85274-392-0 | ||
| 040 | _cIIA Library | ||
| 080 |
_a519.68:531.32 _bHOC |
||
| 100 |
_aHockney, R. W. _916043 |
||
| 245 | 0 |
_aComputer simulation using particles _c R. W. Hockney and J. W. Eastwood |
|
| 260 |
_aBristol _bAdam Hilger _c1988 |
||
| 300 | _axxi, 540p. | ||
| 650 |
_aComputer simulation _910177 |
||
| 650 | _aNASA thesaurus | ||
| 700 |
_aEastwood, J. W _916044 |
||
| 942 | _cBK | ||
| 999 |
_c9519 _d9519 |
||